000 00607nam a2200193 a 4500
001 000023972
005 20200930022618.0
008 110117s1945 ag r 000 f spa d
040 _aDO-SdBNP
_bspa
_cBNPHU
082 _annnn
_bB727v
100 1 _aBordeaux, Henry,
_949309
245 1 3 _aEl vestido de lana /
_cHenry Bordeaux ; traducción de Enrique G. Hurtado y Arias.
260 _aBuenos Aires :
_bGlem,
_c1945.
300 _a220 p. ;
_c19 cm.
490 1 _aBiblioteca Corazón
_v66
700 1 _aHurtado y Arias, Enrique G.,
_etr.
_949310
830 0 _aBiblioteca Corazón ;
_v66
_949311
049 _aBNGR
999 _c23467
_d23467